Diseño de un mini acueducto por gravedad MAG en el sector de los desmovilizados, comunidad El Diamante-San Rafael del Norte, Jinotega
El presente trabajo consiste en el diseño de un sistema de agua potable, que debido a la topografía del lugar se optó por un mini acueducto por gravedad (MAG), para abastecer una población de 200 habitantes en El sector de Los Desmovilizados de la comunidad El Diamante, municipio de San Rafael d...
| Main Authors: | , , |
|---|---|
| Other Authors: | |
| Format: | Tesis Section = Libro |
| Language: | Undetermined Spanish |
| Published: |
Managua
UNI
2022
|
| Subjects: |
| LEADER | 01259nam a2200277Ia 4500 | ||
|---|---|---|---|
| 008 | 240830s9999 xx 000 0 und d | ||
| 040 | |a BIBLIOTECA-RUPAP/ Mon 628.72 R928d | ||
| 041 | |a spa | ||
| 082 | |a Mon 628.72 R928d | ||
| 100 | 1 | |a Rugama Lau, Zayra Marcela | |
| 100 | 1 | |b Marín Olivas, Kevin Frank | |
| 100 | 1 | |c Vanegas Briones, Hillary Belén | |
| 245 | 1 | 0 | |a Diseño de un mini acueducto por gravedad MAG en el sector de los desmovilizados, comunidad El Diamante-San Rafael del Norte, Jinotega |
| 260 | |a Managua |b UNI |c 2022 | ||
| 300 | |a 125 p. :il. | ||
| 500 | |a Contiene: anexos y CD. | ||
| 502 | |a Tesis (Ingeniero Civil) - UNI, 2022. | ||
| 520 | 3 | |a El presente trabajo consiste en el diseño de un sistema de agua potable, que debido a la topografía del lugar se optó por un mini acueducto por gravedad (MAG), para abastecer una población de 200 habitantes en El sector de Los Desmovilizados de la comunidad El Diamante, municipio de San Rafael del Norte, departamento de Jinotega. | |
| 650 | 7 | |a AGUA POTABLE | |
| 650 | 7 | |b ABASTECIMIENTO DE AGUA | |
| 650 | 7 | |c ACUEDUCTOS-DISEÑO Y CONSTRUCCION | |
| 650 | 7 | |d DISEÑO HIDRAULICO | |
| 700 | 1 | |a Tutor: |b Lanza Mejía, Néstor Javier | |
| 942 | |c BK |2 ddc | ||
| 991 | |a Tesis | ||
| 999 | |c 27687 | ||